00778 2200265 4500001002100000005001700021008004100038035002400079082001800103090002300121245007400144260008400218300003000302500003100332650002700363700001500390850001500405980001300420985000600433986001300439999001500452999001500467999001500482999001500497YOGYA-0209000001661020090227022651.0 ind  0010-020900000016610 a398.210992122 a398.210992122bCer aCERITERA rakyat daerah Bengkuluctim penulis, Abu Syahid ... [et al.] aJakartabDepdikbud Proyek Inventarisasi dan Dokumentasi Kebudayaan Daerahc1982 avii, 116 hlmbilusc23 cm aBibliografi : hlm. 115-116 aCerita rakyat Bengkulu aABU SYAHID aYOPDYOG(B) a24-10-05 a4 afwhrtrev aa000056907 aa000056908 aa000057003 aa000057004